000
00297nam a22001337a 4500
008
180807b xxu||||| |||| 00| 0 eng d
082
_a
813.52
245
_a
Nursing Drug Reference
_c
Elsevier,M
260
_c
2009
300
_a
1
_f
CD
440
_x
9996036227
760
_b
22nd
942
_2
ddc
_c
MX
999
_c
46904
_d
46904